000 00855nam a2200217Ia 4500
999 _c39656
_d39656
001 6257
003 GE_BSU
005 20190927115125.0
008 181216s1976||||ge |||||||||||||| ||geo||
040 _cGE_BSU
041 _ageo
080 _a821.353.1-32 ბ-14
100 _aბადალაშვილი, არსენ
_94352
245 _aცვარისა :
_bმოთხრობები /
_cარსენ ბადალაშვილი ; რედ. გ. ნატროშვილი.
264 _aთბილისი :
_bმერანი ;
_c1976.
300 _a118 გვ. :
_bფოტო გარეკანზე ;
_c20 სმ.
653 _aცვარისა
653 _aმოთხრობები
700 _aნატროშვილი, გ.
_eრედაქტორი
_94353
942 _cBK
_2udc